Wspomnienia staromiejskie

Titel: Wspomnienia staromiejskie / Henryk M. Fukier
Verfasser:
Ausgabe: Wyd. 3
Veröffentlicht: Warszawa : Pax, 1996
Umfang: 202 S. : Ill.
Format: Buch
Sprache: Polnisch
Schlagworte:
ISBN: 8321115837
Buchumschlag
X
Lokale Klassifikation: 36 8 W 1431
alg: 5218295
001A    $03004:04-06-97 
001B    $06055:14-03-26 $t20:59:05.000 
001C    $06002:04-03-06 $t10:08:32.000 
001D    $09999:99-99-99 
001U    $0utf8 
001X    $00 
002@    $0Aau 
003@    $0052182959 
003O    $036757371 $aOCoLC 
004A    $083-211-1583-7 
007A    $0052182959 $aHEB 
007T    $0Herdhh052182959 
010@    $apol 
011@    $a1996 
013H    $0z 
019@    $apl 
021A    $aWspomnienia staromiejskie $hHenryk M. Fukier 
028A    $#Fukier, Henryk M. $D20220215 $Ecgwrk $71161012079 $8Fukier, Henryk Maria$Z1886-1959 [Tp1] $9432531955 
032@    $aWyd. 3 
033A    $pWarszawa $nPax 
034D    $a202 S. 
034M    $aIll. 
044K    $D20251120 $Ecgmnf $7119549484 $8$PFukier$lFamilie [Tp1] $9087889056 
044K    $RGeschichtsphilosophie $RVergangenheit $#History $#Histoire $#Storia $#history $#History $#Geschichte $#Landesgeschichte $#Regionalgeschichte $#Ortsgeschichte $#Zeitgeschichte $D20251120 $Ecgmnf $74020517-4 $8Geschichte [Tsz] $9085049352 
044K    $RWarschau-Altstadt $#Rynek Starego Miasta Warschau-Altstadt $D20251120 $Ecgmnf $74478693-1 $8Marktplatz Warschau-Altstadt [Tg1] $908903225X 

lok: 5218295 24
101B    $004-12-02 $t13:09:45.766 
101C    $004-06-97 
145Z/01 $a36 8 W 1431 
101U    $0utf8 

exp: 5218295 24 1 #EPN
201B/01 $013-12-02 $t16:55:59.905 
201C/01 $004-06-97 
203@/01 $0112676995 
208@/01 $a04-06-97 $bz 
209A/01 $a97.0961 $du $f050 $h97 0961 $x00 
209C/01 $a97.0961 T $h97 0961 T 
209G/01 $a70077566 $x00 
247C/01 $8358050-7 Marburg, Bibliothek des Herder-Instituts Marburg $9102600961 
201U/01 $0utf8 

lok: 5218295 78

exp: 5218295 78 1 #EPN
201B/01 $019-04-17 $t18:08:07.000 
201U/01 $0utf8 
203@/01 $079417308X 
208@/01 $a12-11-16 $be 
209A/01 $a/ $f000 $x00 
237A/01 $aweiterführende Signatur(en): Herder-Institut: 97.0961 
244Z/01 $2Trx $#Poola $#Lenkija $#Polija $#Polen Land $#Poland $#Lengyelország $#Poľsko $#Polsko $8--Trx--Polska$gkraj $x01 $9391345966 
244Z/01 $2Trx $#mälestused $#atsiminimai $#Memoirs $#emlékezések $#wspomnienia $#spomienky $#vzpomínky $#memuaarid $#Memoiren $#pamiętniki $#pamäti $#paměti $8--Trx--Erinnerungen $x02 $9391357727 
244Z/01 $2Trx $8--Trx--Monographie $x03 $9391384546 
247C/01 $82080>Marburg/Lahn, Herder-Institut, Forschungsbibliothek, Bibliographieportal $9336309341
LEADER 00000cam a2200000 c 4500
001 052182959
003 DE-603
005 20260314205905.0
007 tu
008 970604s1996 xx |||| | u00||u|pol c
020 |a 8321115837 
035 |a (DE-599)HEB052182959 
035 |a (OCoLC)36757371 
040 |a DE-603  |b ger  |c DE-603  |d DE-603 
041 |a pol 
100 1 |a Fukier, Henryk Maria  |d 1886-1959  |0 (DE-603)432531955  |0 (DE-588)1161012079  |2 gnd 
245 0 0 |a Wspomnienia staromiejskie  |c Henryk M. Fukier 
250 |a Wyd. 3 
264 1 |a Warszawa  |b Pax  |c 1996 
300 |a 202 S.  |b Ill. 
600 3 7 |a Fukier  |c Familie  |0 (DE-588)119549484  |0 (DE-603)087889056  |2 gnd 
650 7 |a Geschichte  |0 (DE-588)4020517-4  |0 (DE-603)085049352  |2 gnd 
651 7 |a Marktplatz Warschau-Altstadt  |0 (DE-588)4478693-1  |0 (DE-603)08903225X  |2 gnd 
924 0 |9 Mb 50  |a (DE-603)112676995  |b DE-Mb50  |c HES  |d c  |g 97.0961 
924 0 |9 2080  |a (DE-603)79417308X  |b DE-2080  |c HES  |d d  |g /